Statistics for Punky Brewster Theme Song Lyrics

Click here to take the quiz!

General Stats

  • This quiz has been taken 18 times
  • The average score is 46 of 71

Answer Stats

Answer% Correct
a
100%
I
100%
the
93%
is
79%
world
79%
and
71%
around,
71%
around
71%
be
71%
be?
71%
Every
71%
girl
71%
little
71%
may
71%
Maybe
71%
Or
71%
time
71%
turn
71%
unkind.
71%
you
71%
blind
64%
Don't
64%
just
64%
know
64%
see
64%
see.
64%
then
64%
there
64%
turns
64%
again
57%
can't
57%
day
57%
lonely
57%
my
57%
of
57%
One
57%
smiling
57%
Standing
57%
sure,
57%
that
57%
any
50%
ground
50%
Her
50%
right
50%
Seems
50%
wait
50%
you're
50%
anything
43%
lifting
43%
me
43%
more
43%
off
43%
spirit's
43%
we'll
43%
Although,
36%
gonna
36%
Guess
36%
What's
36%

Score Distribution

Percentile by Number Answered

Percent of People with Each Score

Your Score History

You have not taken this quiz